PRAEGER HANDBOOK ON UNDERSTANDING AND PR (Record no. 29972)

MARC details
000 -LEADER
fixed length control field 00367nam a2200145Ia 4500
008 - FIXED-LENGTH DATA ELEMENTS--GENERAL INFORMATION
fixed length control field 240624s9999 xx 000 0 und d
041 ## - LANGUAGE CODE
Language code of text/sound track or separate title eng
082 ## - DEWEY DECIMAL CLASSIFICATION NUMBER
Classification number 658.3008 PAL
100 ## - MAIN ENTRY--PERSONAL NAME
Personal name PALUDI MICHELE A
245 ## - TITLE STATEMENT
Title PRAEGER HANDBOOK ON UNDERSTANDING AND PR
260 ## - PUBLICATION, DISTRIBUTION, ETC.
Date of publication, distribution, etc. 2011
Place of publication, distribution, etc. Santa Barbara
Name of publisher, distributor, etc. Praeger
300 ## - PHYSICAL DESCRIPTION
Extent xix, 343 p.; 23 cm.
365 ## - TRADE PRICE
Currency code
Price amount 30
440 ## - SERIES STATEMENT/ADDED ENTRY--TITLE
Volume/sequential designation 2
Holdings
Withdrawn status Lost status Damaged status Not for loan Home library Current library Shelving location Date acquired Cost, normal purchase price Full call number Barcode Date last seen Copy number Price effective from Koha item type
        IMTN IMTN Rack 23-B 12/06/2017 115.00 658.3008 PAL 29972 06/24/2024 67.3 06/24/2024 Books
Designed & Maintained by: LRC IMT Nagpur Contact: lrc@imtnag.ac.in© 2024. All Rights Reserved.